Datum a čas kvízu
16.5
Celkem bodů
Celkový počet nahraných bodů na tomto kvízu bez doplňovacích otázek.
6.
Pořadí na kvízu
Konečné umístění týmu na tomto kvízu.
Zaznamenané odpovědi
| # | Otázka | Odpověď | Body | Výsledky |
|---|---|---|---|---|
| 1. | Příbramští policisté pátrají p... | závodní formule | 1 | |
| 2. | Česká komisařka Věra Jourová s... | hodnoty a transparentnost | 0 | |
| 3. | Kanadská spisovatelka Margaret... | Příběh služebnice | 0 | |
| 4. | Společnost Apple minulé úterý... | iPhone 11 Pro | 1 | |
| 5. | Kdeže jsou ty časy, kdy naši t... | Bosna a Hercegovina | 0 | |
| 6. | Když už jsme tu měli minulý tý... | serotonin | 0 | |
| 7. | Erós je řeckým bohem lásky. Ja... | Arés, Afrodita | 0 | |
| 8. | Příponu -filie mají různá slov... | Alexej | 0 | |
| 9. | Láska je samozřejmě nevyčerpat... | 1C 2A 3B 4D | 1 | |
| 10. | Jak se jmenuje herečka, která... | Gwyneth Paltrow | 0 |